[Event "GEO chT Clubs 2017"]
[Site "Tbilisi"]
[Date "2017.11.29"]
[Round "2"]
[White "Zardiashvili, Akaki"]
[Black "Nachqebia, Luka"]
[Result "1-0"]
[WhiteElo "1880"]
[BlackElo "2057"]
[Annotator "NA RC"]
[PlyCount "45"]
[EventDate "2017.??.??"]
[EventCountry "GEO"]
[SourceTitle "playchess.com"]
[Source "ChessBase"]
[SourceQuality "1"]

{[%evp 21,45,-35,236,302,406,412,401,428,417,-218,437,450,595,672,575,308,600,572,499,658,533,526,541,456,486,536]} 1. d4 Nf6 2. Nf3 d5 3. Bf4 c5 4. e3 Nc6 5. Bb5 {D02: 1 d4 d5 2 Nf3 sidelines, including 2...Nf6 3 g3 and 2...Nf6 3 Bf4} Qa5+ 6. Nc3 Ne4 7. O-O Nxc3 8. Bxc6+ bxc6 9. bxc3 Qxc3 10. Ne5 cxd4 11. exd4 Ba6 $2 $146 ({Predecessor:} 11... Bf5 $15 12. g4 Be4 {0-1 (34) Nogueiras Santiago,J (2570)-Khairullin,I (2617) Havana 2010}) 12. Re1 Rc8 (12... Bc8 {keeps fighting.} 13. Re3 Qb4) 13. Qg4 Rd8 14. Qf5 f6 {[#]} 15. Qh5+ $1 g6 {[#]} 16. Nxg6 $1 hxg6 17. Qxh8 g5 18. Qh5+ (18. Bc7 $142 Rc8 19. Bd6) 18... Kd7 19. Qg4+ $18 Ke8 20. Bc7 Rc8 21. Bd6 Qxc2 22. Qe6 Qh7 23. Qxf6 1-0

[Event "GEO chT Clubs 2017"]
[Site "Tbilisi"]
[Date "2017.11.29"]
[Round "2"]
[White "Kitesashvili, Giorgi"]
[Black "Bechvaia, Giorgi"]
[Result "1/2-1/2"]
[WhiteElo "1839"]
[BlackElo "1934"]
[Annotator "NA RC"]
[PlyCount "143"]
[EventDate "2017.??.??"]
[EventCountry "GEO"]
[SourceTitle "playchess.com"]
[Source "ChessBase"]
[SourceQuality "1"]

{[%evp 20,135,52,9,23,32767,32767,32767,32767,54,54,80,120,118,120,115,133,143,156,56,35,56,50,31,62,42,31,11,13,27,25,0,18,5,2,11,7,0,14,0,0,0,0,-39,-29,-23,-28,-14,0,0,0,0,0,0,0,-41,32767,32767,32767,32767,32767,32767,32767,32767,32767,32767,32767,32767,32767,32767,32767,32767,32767,32767,32767,32767,32767,32767,32767,32767,32767,32767,32767,32767,32767,32767,32767,32767,32767,32767,32767,32767,32767,32767,32767,0,0,-8,0,-8,0,0,0,0,0,0,-8,0,0,0,0,0,0,-8,0,0,0,0]} 1. e4 d6 2. d4 f5 3. Nc3 Nf6 4. Bd3 Nc6 5. Nf3 {A82: Holländische Verteidigung (Staunton-Gambit)} fxe4 6. Nxe4 Nxe4 7. Bxe4 d5 8. Bd3 Nb4 $146 ({Vorgänger:} 8... Bg4 9. h3 Bxf3 10. Qxf3 Qd6 11. Bf4 Qe6+ 12. Kd2 Nxd4 {½-½ (21) Hall,J (2501)-Nikontovic,S (2300) Denmark 2002}) 9. Bb5+ c6 10. Bd3 Bg4 11. h3 (11. O-O $14) 11... Bxf3 12. Qxf3 Nxd3+ 13. Qxd3 Qd6 14. O-O g6 15. Bg5 O-O-O (15... Bg7 $14) 16. Rfe1 Re8 17. Qe3 Bg7 18. Bf4 ({Don't play} 18. Bxe7 $6 Qd7 $11) 18... Qd7 19. Be5 (19. a4 $16) 19... Bxe5 20. Qxe5 Rhf8 21. c3 e6 22. Re2 Qc7 23. Rae1 Qxe5 24. Rxe5 Kd7 25. R1e3 Re7 26. g3 b6 27. Kg2 Kd6 28. f4 c5 29. Kf3 cxd4 30. cxd4 Rc8 31. Rc3 Rxc3+ 32. bxc3 Rc7 33. Re3 Rc4 34. Kg4 b5 35. Kg5 b4 36. cxb4 Rxd4 37. b5 Re4 38. Rc3 Rc4 39. Ra3 Rc7 40. Kf6 d4 41. Ra6+ Kc5 42. Ke5 Rd7 43. Rc6+ Kxb5 44. Rc1 d3 45. Kxe6 Rd8 46. g4 d2 47. Rd1 Kc4 48. f5 gxf5 49. gxf5 Kc3 50. f6 Kc2 51. Rf1 d1=Q 52. Rxd1 Kxd1 53. Ke7 Rb8 54. f7 Ke2 55. f8=Q Rxf8 56. Kxf8 Kf3 57. Kg7 h5 58. Kg6 h4 59. Kf5 $1 a5 60. a4 $1 Kg3 61. Ke4 $1 Kxh3 62. Kf3 Kh2 63. Kf2 $1 h3 $11 (63... Kh3 $5) 64. Kf1 $1 Kg3 (64... Kh1 $5) 65. Kg1 Kf3 66. Kh2 Ke3 67. Kxh3 Kd3 68. Kg2 Kc3 69. Kf2 Kb3 70. Ke2 Kxa4 71. Kd2 Kb3 72. Kc1 1/2-1/2

[Event "GEO chT Clubs 2017"]
[Site "Tbilisi"]
[Date "2017.11.30"]
[Round "2"]
[White "Kitesashvili, Giorgi"]
[Black "Mgeladze, Tamaz"]
[Result "0-1"]
[WhiteElo "1839"]
[BlackElo "2303"]
[Annotator "TA"]
[PlyCount "20"]
[EventDate "2017.??.??"]
[EventCountry "GEO"]
[SourceTitle "playchess.com"]
[Source "ChessBase"]
[SourceQuality "1"]

{[%evp 17,18,4,10]} 1. e4 c5 2. Nf3 d6 3. d4 Nf6 4. Nc3 cxd4 5. Nxd4 g6 6. Bc4 Bg7 7. Be3 Nc6 8. Nxc6 bxc6 9. O-O O-O {[%mdl 32768] Sensor Board Error (Ke4/e5)?} {Predecessor:} 10. Bb3 $146 Be6 {½-½ (10) Ascic,P (2293)-Radocaj,D (2309) Bol 2013} 0-1

[Event "GEO chT Clubs 2017"]
[Site "Tbilisi"]
[Date "2017.11.29"]
[Round "2"]
[White "Bechvaia, Gabriel"]
[Black "Kikilashvili, Soso"]
[Result "0-1"]
[WhiteElo "1806"]
[BlackElo "1875"]
[Annotator "NA RC"]
[PlyCount "88"]
[EventDate "2017.??.??"]
[EventCountry "GEO"]
[SourceTitle "playchess.com"]
[Source "ChessBase"]
[SourceQuality "1"]

1. d4 Nf6 2. c4 c5 3. d5 b5 4. cxb5 a6 5. Nc3 axb5 6. Nxb5 Qa5+ 7. Nc3 Ne4 {A57: Benko/Volga Gambit} (7... Ba6 8. Bd2 d6 9. Nf3 Nbd7 10. g3 g6 11. Bg2 Bg7 12. O-O O-O 13. Re1 Rfb8 14. Qc2 Qb4 15. Rab1 Qb7 16. e4 Ng4 17. Red1 Nge5 18. Ne1 Nc4 19. Bc1 Qc7 20. b3 Qa5 21. Na4 {½-½ (72) Ponomariov,R (2739)-Bareev,E (2634) Moscow 2009}) 8. Bd2 Nxd2 9. Qxd2 g6 10. e4 Bg7 11. Nf3 d6 12. Be2 $146 ({Predecessor:} 12. Bb5+ Bd7 13. Bd3 O-O 14. O-O Na6 15. a3 {½-½ (27) Braushi,E-Vazouras,H Patras 2001}) 12... O-O 13. O-O Nd7 14. Rfb1 Ba6 15. a4 Bxe2 16. Nxe2 {[#]} Rfb8 $1 17. Qc2 Rb4 18. Nc3 Nb6 (18... Bxc3 $17 19. bxc3 Rxb1+ 20. Rxb1 Qxa4) 19. Ra3 (19. Nd2 $11 {keeps the balance.}) 19... Nc4 20. Rb3 Rab8 21. Rxb4 Rxb4 22. g3 $17 (22. h4 $15) 22... Bxc3 23. bxc3 Qxa4 24. Qxa4 Rxa4 25. Rb7 Kf8 26. Rc7 f6 27. g4 Ra3 28. g5 Rxc3 29. Kg2 Kf7 30. gxf6 Kxf6 31. Rc8 Ne5 32. Nxe5 Kxe5 33. f3 Ra3 34. Rc7 Kd4 35. Rxe7 c4 36. Rc7 c3 37. Kf2 Ra2+ 38. Ke1 Kd3 39. e5 Re2+ 40. Kd1 Rxh2 41. Ke1 Re2+ 42. Kf1 Rxe5 43. Rxh7 c2 44. Rc7 Rxd5 0-1

[Event "GEO chT Clubs 2017"]
[Site "Tbilisi"]
[Date "2017.11.29"]
[Round "2"]
[White "Chanturia, Lasha"]
[Black "Siprashvili, Ivane"]
[Result "0-1"]
[WhiteElo "1793"]
[BlackElo "1962"]
[Annotator "NA RC"]
[PlyCount "70"]
[EventDate "2017.??.??"]
[EventCountry "GEO"]
[SourceTitle "playchess.com"]
[Source "ChessBase"]
[SourceQuality "1"]

{[%evp 26,64,14,9,32767,32767,32767,0,2,11,6,8,0,0,11,2,0,-3,-2,0,6,0,0,-10,-10,0,0,0,-3,-11,0,-66,-54,-57,-56,-60,-60,-106,-114,-90,-67]} 1. b3 Nf6 2. Bb2 e6 3. Nf3 b6 4. g3 Bb7 5. Bg2 Be7 6. O-O O-O 7. c4 d6 8. Qc2 {A05: Réti Opening: 1 Nf3 Nf6} (8. Nc3 Nbd7 9. d4 Ne4 10. Qc2 Nxc3 11. Bxc3 f5 12. d5 e5 13. Bh3 g6 14. e4 f4 15. b4 Bc8 16. Be6+ Kg7 17. g4 h6 18. h3 Nf6 19. Bxc8 Qxc8 20. Kh2 Nxg4+ 21. hxg4 Qxg4 {½-½ (21) Zhou,J (2635)-Wang,Y (2723) Shenzhen 2016}) 8... Nbd7 9. Rd1 c5 10. d4 Qc7 11. Nc3 a6 $146 ({Predecessor:} 11... cxd4 12. Nb5 Qb8 13. Nbxd4 a6 14. Rac1 Rd8 15. Ba3 Bf8 16. Qb2 Qc7 17. Bh3 Nc5 {0-1 (42) Petek,P (2155)-Roskar,R (2270) Bled 1998}) 12. e4 cxd4 13. Rxd4 e5 14. Rd2 Rac8 15. Nh4 g6 16. Qd1 Nc5 17. Qe2 Bc6 18. Rf1 Qb7 19. Nd5 Nxd5 20. exd5 Bd7 21. f4 Bxh4 22. gxh4 f6 23. Qe3 Bf5 24. fxe5 fxe5 25. h5 Qe7 26. hxg6 Bxg6 27. Bh3 Rxf1+ 28. Kxf1 (28. Bxf1 $11 Kh8 29. Rg2) 28... Rf8+ 29. Kg1 $1 Qf6 30. Rd1 {[#]} Nd3 $1 31. Ba3 Nf4 32. Be6+ Kg7 $15 ({Much weaker is} 32... Nxe6 $6 33. dxe6 Qxe6 34. Rxd6 $11) 33. Bxd6 Qg5+ 34. Kf1 Qg2+ 35. Ke1 Nd3+ 0-1

[Event "GEO chT Clubs 2017"]
[Site "Tbilisi"]
[Date "2017.11.29"]
[Round "2"]
[White "Pipia, Ekaterine"]
[Black "Khmiadashvili, Tamar"]
[Result "1/2-1/2"]
[WhiteElo "1791"]
[BlackElo "1982"]
[Annotator "NA RC"]
[PlyCount "127"]
[EventDate "2017.??.??"]
[EventCountry "GEO"]
[SourceTitle "playchess.com"]
[Source "ChessBase"]
[SourceQuality "1"]

1. d4 e6 2. c4 Bb4+ 3. Nc3 Nf6 4. Bg5 h6 5. Bxf6 Qxf6 6. Nf3 a5 {E30: Nimzo-Indian: Leningrad Variation} (6... c5 7. e3 cxd4 8. exd4 Bxc3+ 9. bxc3 b6 10. g3 Bb7 11. Bg2 O-O 12. O-O d6 13. Re1 Nc6 14. Nd2 Na5 15. Bxb7 Nxb7 {½-½ (23) De Carlos Arregui,I (2334)-Aguiar Garcia,J (2420) ICCF email 2013}) 7. e4 $146 ({Predecessor:} 7. e3 c5 8. Qc2 cxd4 9. Nxd4 O-O 10. Be2 e5 11. Ndb5 {1-0 (57) Salimova,N (1737)-Vasileva,C (1577) Plovdiv 2012}) 7... d6 8. Bd3 Bxc3+ 9. bxc3 e5 10. O-O O-O 11. c5 Bg4 12. cxd6 cxd6 13. Rb1 Ra7 14. Be2 Nd7 (14... Nc6 $14) 15. h3 (15. Nxe5 $1 $16 dxe5 16. Bxg4) 15... Bxf3 $1 16. Bxf3 Qe7 17. Rb5 Nf6 18. Qa4 Qc7 19. dxe5 dxe5 20. Rfb1 Qxc3 21. Qb3 Qxb3 22. R1xb3 Rc8 23. Rxe5 Rc1+ 24. Kh2 Rc2 25. Re7 Kf8 $14 (25... Rxa2 26. e5 $18) 26. Rexb7 Rxb7 27. Rxb7 Rxa2 28. Kg3 Ne8 29. e5 Rc2 30. Rb5 Ra2 31. Bc6 Ra3+ 32. Kh2 Rc3 33. Bxe8 Kxe8 34. Rxa5 Ke7 35. Ra6 h5 36. f4 g6 37. Rf6 h4 38. Rd6 Rc1 39. Rf6 Rf1 40. g4 hxg3+ 41. Kxg3 Rg1+ 42. Kf2 Rb1 43. Kf3 Rf1+ 44. Kg2 Rb1 45. h4 Rb3 46. h5 gxh5 47. Rh6 Ra3 48. Rxh5 Rb3 49. Rh3 Rb6 50. Kf3 f6 51. Rh7+ Kf8 52. exf6 Rxf6 53. Ke4 Ra6 54. Kf5 Ra5+ 55. Kf6 Ra6+ 56. Kg5 Rb6 57. f5 Ra6 58. Rh6 Rxh6 59. Kxh6 Kf7 60. Kg5 Kg7 61. f6+ Kf8 62. Kg6 Kg8 63. f7+ Kf8 64. Kf6 1/2-1/2

[Event "GEO chT Clubs 2017"]
[Site "Tbilisi"]
[Date "2017.11.30"]
[Round "2"]
[White "Bechvaia, Maia"]
[Black "Tsatsalashvili, Keti"]
[Result "0-1"]
[WhiteElo "1785"]
[BlackElo "2301"]
[Annotator "TA"]
[PlyCount "72"]
[EventDate "2017.??.??"]
[EventCountry "GEO"]
[SourceTitle "playchess.com"]
[Source "ChessBase"]
[SourceQuality "1"]

{[%evp 11,72,-1,0,-14,-14,-1,-12,-10,-10,-12,-4,-20,-7,-7,0,-14,0,-28,-25,-36,-27,-39,-34,-60,-52,-126,-104,-271,-263,-289,-280,-268,-294,-276,-281,-254,-132,-132,-124,-142,-135,-132,-129,-128,-111,-248,-245,-250,-227,-225,0,-175,0,-219,-153,-500,-471,-475,-474,-5306,-5277,-5157,-4134]} 1. e4 c5 2. Nf3 d6 3. c3 Nf6 4. h3 Nc6 5. Bd3 d5 6. exd5 {B50: Sicilian: 2...d6, Miscellaneous} (6. e5 c4 7. Bc2 Nd7 8. Qe2 Qc7 9. e6 fxe6 10. b3 Nde5 11. Na3 Nxf3+ 12. Qxf3 Qe5+ 13. Kd1 cxb3 14. axb3 Bd7 15. Re1 Qf6 16. Qg3 e5 17. Nb5 Kd8 18. d4 Nxd4 19. Nxa7 Nxc2 20. Nc6+ {1-0 (20) Andreikin,D (2743)-Volokitin,A (2624) Almaty 2016}) 6... Qxd5 {LiveBook: 34 Games} 7. Bc2 Ne5 $146 ({Predecessor:} 7... e5 8. O-O Be7 9. d3 Bf5 10. Na3 O-O 11. Nc4 Bg6 12. Re1 e4 13. Ne3 Qd8 14. dxe4 Nxe4 {1-0 (36) Tomin,K (2047)-Chelushkina,I (2287) Vrbas 2015}) 8. Nxe5 {The position is equal.} Qxe5+ 9. Qe2 Qxe2+ 10. Kxe2 Bd7 11. Rd1 Bc6 12. Kf1 Rd8 13. d3 e6 14. Bg5 Be7 $36 {[%mdl 2048] Black fights for an advantage.} 15. Nd2 Nd5 16. Bxe7 Kxe7 17. Ne4 b6 18. d4 (18. g3 $15) 18... f5 19. Ng5 $2 {[#]} (19. Ng3 $17) 19... Nf4 $1 $19 20. g3 h6 21. gxf4 hxg5 22. dxc5 Rxd1+ (22... bxc5 23. Rxd8 Kxd8 24. fxg5 $15) 23. Rxd1 bxc5 ({Don't do} 23... gxf4 24. cxb6 axb6 25. Rd4 $17) ({Black should try} 23... Rxh3 $19 24. Ke1 gxf4 25. cxb6 axb6) 24. fxg5 $17 Rxh3 $19 {[%mdl 4096] Endgame White must now prevent ...Bf3. KRB-KRB} 25. Ke1 Rh5 26. b4 cxb4 27. cxb4 Rxg5 28. Bb3 (28. Rd3 $17) 28... Rg4 29. Rc1 Kd6 30. Rd1+ Ke7 31. Rc1 $1 {[%cal Rc1c6]} Kd6 $2 {[#]} (31... Rg1+ $19 32. Kd2 Rxc1 33. Kxc1 Kd6) 32. a3 $2 (32. Rd1+ $1 $11 {and White stays safe.} Ke5 33. a3) 32... Bd5 33. Bxd5 $2 (33. Rc3 $17) 33... Rg1+ {Black is clearly winning.} ({Weaker is} 33... Kxd5 34. Rc5+ Kd4 35. Kf1 $15) ({Not} 33... exd5 34. Kd2 $17) 34. Kd2 Rxc1 35. Kxc1 (35. Bxe6 $142 Rf1 36. Ke2) 35... Kxd5 36. Kd2 e5 {Precision: White = 21%, Black = 62%.} 0-1

[Event "GEO chT Clubs 2017"]
[Site "Tbilisi"]
[Date "2017.11.30"]
[Round "2"]
[White "Bechvaia, Maia"]
[Black "Tsatsalashvili, Keti"]
[Result "*"]
[WhiteElo "1785"]
[BlackElo "2301"]
[Annotator "TA"]
[PlyCount "27"]
[EventDate "2017.??.??"]
[EventCountry "GEO"]
[SourceTitle "playchess.com"]
[Source "ChessBase"]
[SourceQuality "1"]

{[%evp 11,27,4,5,-27,-5,0,0,0,-4,-4,-17,-26,-8,-6,0,0,0,-40]} 1. e4 c5 2. Nf3 d6 3. c3 Nf6 4. Bd3 Nc6 5. h3 d5 6. exd5 {B50: Sicilian: 2...d6, Miscellaneous} (6. e5 c4 7. Bc2 Nd7 8. Qe2 Qc7 9. e6 fxe6 10. b3 Nde5 11. Na3 Nxf3+ 12. Qxf3 Qe5+ 13. Kd1 cxb3 14. axb3 Bd7 15. Re1 Qf6 16. Qg3 e5 17. Nb5 Kd8 18. d4 Nxd4 19. Nxa7 Nxc2 20. Nc6+ {1-0 (20) Andreikin,D (2743)-Volokitin,A (2624) Almaty 2016}) 6... Qxd5 {LiveBook: 34 Games} 7. Bc2 Ne5 $146 ({Predecessor:} 7... e5 8. O-O Be7 9. d3 Bf5 10. Na3 O-O 11. Nc4 Bg6 12. Re1 e4 13. Ne3 Qd8 14. dxe4 Nxe4 {1-0 (36) Tomin,K (2047)-Chelushkina,I (2287) Vrbas 2015}) 8. Nxe5 Qxe5+ 9. Qe2 Qxe2+ 10. Kxe2 Bd7 11. Rd1 Bc6 12. Kf1 {The position is equal.} Rd8 13. d3 e6 14. Bg5 *

[Event "GEO chT Clubs 2017"]
[Site "Tbilisi"]
[Date "2017.11.30"]
[Round "2"]
[White "Imerlishvili, Tamar"]
[Black "Gavasheli, Ana"]
[Result "0-1"]
[WhiteElo "1243"]
[BlackElo "2246"]
[Annotator "NA RC"]
[PlyCount "106"]
[EventDate "2017.??.??"]
[EventCountry "GEO"]
[SourceTitle "playchess.com"]
[Source "ChessBase"]
[SourceQuality "1"]

1. d4 d5 2. g3 g6 3. Bg2 Bg7 4. Nc3 Nf6 5. Nf3 O-O 6. O-O {LiveBook: 26 Partien} Ne4 {D02: Damenbauernspiele} (6... Bf5 7. Nh4 Be6 8. Re1 c6 9. Bf4 Nbd7 10. Qd2 Nb6 11. b3 Rc8 12. a4 Nbd7 13. a5 c5 14. a6 bxa6 15. Rxa6 cxd4 {0-1 (34) Salvador,R (2445)-Caruana,F (2649) Senigallia 2009}) 7. e3 $146 ({Vorgänger:} 7. Nxe4 dxe4 8. Nd2 Qxd4 9. c3 Qb6 10. Nxe4 c6 11. Qc2 Bf5 12. Be3 Qc7 13. Rfd1 Nd7 14. Qb3 {0-1 (47) Di Stefano,M (2191)-Souleidis,G (2395) Basel 2004}) 7... Nxc3 8. bxc3 Nd7 9. Ba3 Re8 10. Rb1 c6 11. Qe2 e5 12. Rfd1 e4 13. Nd2 b5 14. Nb3 Nb6 15. Bc5 Na4 16. Qd2 a5 17. Rf1 f5 18. f3 exf3 19. Rxf3 Bh6 20. Re1 Re6 21. Bh3 Re4 22. Qf2 Nxc3 23. Nd2 Re8 24. a3 Ne4 25. Nxe4 Rxe4 26. Bg2 Qe8 27. Qd2 Bd7 28. Kh1 Bf8 29. Rf4 Re6 30. Qc3 Bxc5 31. Qxc5 Qe7 32. Qxe7 Rxe7 33. c3 Rae8 34. Rf3 g5 35. h3 g4 36. hxg4 fxg4 37. Rf6 Rxe3 38. Rxe3 Rxe3 39. Rd6 Be8 40. Rd8 Kf7 41. Ra8 Rxg3 42. Rxa5 Rxc3 43. Ra7+ Kg6 44. Ra8 Bf7 45. Bf1 h5 46. Ra6 Kg5 47. Ra7 Bg6 48. Rc7 Be4+ 49. Kg1 Rc1 50. Rc8 h4 51. Rg8+ Kf4 52. Rf8+ Kg3 53. Rf2 h3 0-1

[Event "GEO chT Clubs 2017"]
[Site "Tbilisi"]
[Date "2017.11.29"]
[Round "2"]
[White "Imerlishvili, Tamar"]
[Black "Bechvaia, Maia"]
[Result "0-1"]
[WhiteElo "1243"]
[BlackElo "1785"]
[Annotator "NA RC"]
[PlyCount "118"]
[EventDate "2017.??.??"]
[EventCountry "GEO"]
[SourceTitle "playchess.com"]
[Source "ChessBase"]
[SourceQuality "1"]

1. e4 c5 2. Nc3 g6 3. g3 Bg7 4. Bg2 Nc6 5. f4 d6 6. Nf3 Nf6 7. d3 Rb8 8. O-O O-O 9. Ne2 c4 10. Kh1 Qb6 11. Qe1 Nb4 12. Qd2 cxd3 13. cxd3 Bd7 14. a3 Nc6 15. Qe3 Qa6 16. h3 Na5 17. Nd2 Bb5 18. Rf3 Ba4 19. d4 Bc2 20. Nc3 Nb3 21. Nxb3 Bxb3 22. Bf1 Bc4 23. Bxc4 Qxc4 24. Qd3 Qc6 25. d5 Qc8 26. Kh2 Nd7 27. Bd2 Nc5 28. Qe3 Nb3 29. Rd1 Nd4 30. Rff1 e5 31. fxe5 Bxe5 32. Qd3 f5 33. Bh6 fxe4 34. Nxe4 Rxf1 35. Rxf1 Nf5 36. Bf4 Qe8 37. b4 Kg7 38. g4 Bxf4+ 39. Rxf4 Qe5 40. Qd2 Nd4 41. Ng5 Ne2 42. Ne6+ Kg8 43. Kg2 Nxf4+ 44. Nxf4 Rc8 45. Ne2 Qe4+ 46. Kf1 Rc2 47. Qe1 Qf3+ 48. Qf2 Qxh3+ 49. Ke1 Qh1+ 50. Qf1 Qxd5 51. Qf4 Qe5 52. Qf3 Qxe2+ 53. Qxe2 Rxe2+ 54. Kxe2 h5 55. Kf3 Kf7 56. a4 hxg4+ 57. Kxg4 Ke6 58. Kf4 Kd5 59. Ke3 Kc4 0-1

[Event "GEO chT Clubs 2017"]
[Site "Tbilisi"]
[Date "2017.12.01"]
[Round "3"]
[White "Mchedlishvili, Mikheil"]
[Black "Zardiashvili, Akaki"]
[Result "1-0"]
[WhiteElo "2604"]
[BlackElo "1880"]
[Annotator "TA"]
[PlyCount "27"]
[EventDate "2017.??.??"]
[EventCountry "GEO"]
[SourceTitle "playchess.com"]
[Source "ChessBase"]
[SourceQuality "1"]

{[%evp 9,27,60,57,29,76,81,93,78,149,60,110,108,119,116,300,298,296,305,991,980]} 1. d4 d5 2. c4 dxc4 3. Nf3 Bg4 4. Ne5 Bh5 (4... Be6 5. e4 g6 6. d5 Bc8 7. Bxc4 Bg7 8. Bf4 Nf6 9. Qa4+ Nbd7 10. Nxd7 Bxd7 11. Qc2 c6 12. Nc3 cxd5 13. exd5 {½-½ (22) Kanep,M (2523)-Starostits,I (2471) Tallinn 2010}) 5. Nc3 Nd7 6. Nxc4 {D21: Queen's Gambit Accepted: 3 Nf3 sidelines} Ngf6 7. f3 e6 8. e4 {White is better.} b5 $146 (8... a6 $142) ({Predecessor:} 8... Be7 9. Bf4 O-O 10. Qb3 Rb8 11. O-O-O Ne8 12. g4 Bg6 {½-½ (32) Carstensen,J (2360)-Hoi,C (2399) Borup 2014}) 9. Ne3 ({Weaker is} 9. Nxb5 Nxe4 10. Ke2 Nef6 $11) (9. Ne5 $16 Nxe5 10. dxe5 Qxd1+ 11. Nxd1) 9... b4 10. Ne2 c5 {[#]} 11. d5 $1 {[%cal Bd4d5,Bd5e6][%mdl 32]} Bd6 $2 {[#]} (11... exd5 $16 {was necessary.} 12. Nxd5 Bg6) 12. dxe6 $1 $18 Ne5 13. Nf5 Nd3+ $2 (13... Be7) 14. Qxd3 1-0

[Event "GEO chT Clubs 2017"]
[Site "Tbilisi"]
[Date "2017.12.01"]
[Round "3"]
[White "Jojua, Davit"]
[Black "Lomsadze, Davit"]
[Result "1-0"]
[WhiteElo "2591"]
[BlackElo "2332"]
[Annotator "TA"]
[PlyCount "79"]
[EventDate "2017.??.??"]
[EventCountry "GEO"]
[SourceTitle "playchess.com"]
[Source "ChessBase"]
[SourceQuality "1"]

{[%evp 10,79,95,74,83,83,102,119,123,97,88,88,147,146,148,145,172,106,188,179,218,212,218,211,255,256,256,256,256,256,286,256,249,249,249,249,304,304,304,304,318,263,414,396,396,318,358,306,514,510,484,425,533,515,979,978,929,877,1077,1052,1068,1053,1264,1237,1229,1133,1276,1249,1419,1400,1291,1269]} 1. d4 Nf6 2. Nf3 b5 3. Bg5 Ne4 4. Bh4 Bb7 5. e3 a6 6. Nbd2 {LiveBook: 3 Games. A46: 1 d4 Nf6 2 Nf3 e6: Torre, London and Colle Systems} Nxd2 $146 ({Predecessor:} 6... g6 7. Bd3 f5 8. c3 Nxd2 9. Nxd2 d5 10. g4 fxg4 11. Qxg4 Qd7 12. Qg3 {1-0 (31) Wojtaszek,R (2724)-Mazurkiewicz,M (2223) Gorzow Wielkopolski 2014}) 7. Qxd2 Bxf3 8. gxf3 {[%cal Bg2f3,Bf3f4][%mdl 32] White is better.} Qc8 9. f4 Qb7 10. d5 c5 (10... d6 $142) 11. e4 $16 d6 12. e5 f6 13. e6 ({Better is} 13. Bh3 $18) 13... a5 {[#]} (13... g6 $16) 14. a4 $1 $36 {[%mdl 2048] Black is under strong pressure.} b4 15. f5 Kd8 16. Bb5 g5 17. Bg3 h5 {With the idea ...h4.} 18. h4 g4 19. Bf4 Qb6 20. O-O-O Na6 21. b3 Nc7 22. Bc4 Rc8 {[#]} 23. f3 $1 {[%mdl 512]} gxf3 24. Rhg1 Qb7 25. Qd3 f2 (25... Rb8 {is a better defense.} 26. Qxf3 Kc8) 26. Rg6 Rb8 27. Rf1 {[%cal Bd1f1,Bf1f2,Bf2g2,Bg2g8][%mdl 32]} Na8 28. Bb5 ({Less strong is} 28. Rxf2 Nb6 $18) 28... Nb6 $2 (28... Kc7 {was worth a try.} 29. Bc6 Qa7) 29. Bc6 {White is clearly winning.} Qa7 30. Be3 Rc8 31. Rxf2 Rxc6 (31... Kc7 $142 32. Kb2 Rd8) 32. dxc6 Kc7 33. Rfg2 Qa8 34. Rg8 Rxg8 35. Rxg8 Kxc6 36. Qe4+ d5 37. Qf3 Qd8 38. Kb1 c4 {[#]} 39. Bh6 $1 {[%mdl 512]} Qd6 (39... Bxh6 40. Rxd8) 40. Rxf8 {Precision: White = 77%, Black = 42%.} 1-0

[Event "GEO chT Clubs 2017"]
[Site "Tbilisi"]
[Date "2017.12.01"]
[Round "3"]
[White "Sturua, Zurab"]
[Black "Kitesashvili, Giorgi"]
[Result "1-0"]
[WhiteElo "2536"]
[BlackElo "1839"]
[Annotator "TA"]
[PlyCount "45"]
[EventDate "2017.??.??"]
[EventCountry "GEO"]
[SourceTitle "playchess.com"]
[Source "ChessBase"]
[SourceQuality "1"]

{[%evp 14,45,46,45,108,96,97,109,140,97,137,149,175,187,325,321,735,725,728,725,766,683,666,677,664,617,613,610,687,683,672,671,668,659]} 1. Nf3 c5 2. c4 Nf6 3. Nc3 Nc6 4. d4 cxd4 5. Nxd4 e6 6. g3 a6 7. Bg2 Qc7 8. O-O {LiveBook: 56 Games. A33: Symmetrical English: 2 Nf3 Nf6 3 d4 cxd4 4 Nxd4 e6 5 Nc3 Nc6} Nxd4 (8... Be7 $14) (8... d6 9. b3 Be7 10. Bb2 Bd7 11. e3 Rc8 12. Rc1 Qb8 13. Ne4 Nxd4 14. Nxf6+ Bxf6 15. Bxd4 b5 {0-1 (40) Bruzon Batista,L (2617)-Savchenko,B (2655) Havana 2009}) 9. Qxd4 $16 Bc5 10. Qd3 {White is better.} Be7 11. Rd1 O-O $146 ({Predecessor:} 11... d6 12. Bf4 e5 13. Bg5 Be6 14. Bxf6 Bxc4 15. Qc2 Bxf6 16. Nd5 {1-0 (16) Diaz Hollemaert,N (2418)-Galati,M (2245) Sao Paulo 2005}) 12. Bf4 e5 13. Bg5 Rd8 (13... Rb8 {was necessary.} 14. Bxf6 Bxf6) 14. Bxf6 $18 gxf6 $2 (14... Bxf6 15. Nd5 Qd6) 15. Nd5 {White is clearly winning.} Qd6 {[#]} 16. c5 $1 {[%mdl 512]} Qxc5 17. Rac1 Qd6 18. Qf5 {Intending Be4 and mate.} Qe6 19. Qxe6 fxe6 20. Nxe7+ Kf7 21. Nxc8 Raxc8 22. Rxc8 Rxc8 23. Rxd7+ 1-0

[Event "GEO chT Clubs 2017"]
[Site "Tbilisi"]
[Date "2017.12.01"]
[Round "3"]
[White "Quparadze, Giga"]
[Black "Nachqebia, Luka"]
[Result "1-0"]
[WhiteElo "2515"]
[BlackElo "2057"]
[Annotator "TA"]
[PlyCount "37"]
[EventDate "2017.??.??"]
[EventCountry "GEO"]
[SourceTitle "playchess.com"]
[Source "ChessBase"]
[SourceQuality "1"]

{[%evp 25,31,53,52,62,285,283,253,273]} 1. e4 e5 2. Nf3 Nc6 3. d4 exd4 4. Nxd4 Nf6 5. Nxc6 bxc6 6. e5 Qe7 7. Qe2 Nd5 8. c4 Ba6 9. b3 g6 10. Bb2 Bg7 11. g3 O-O 12. Bg2 d6 {C45: Schottische Partie} (12... Rfe8 13. O-O Bxe5 14. Qxe5 Qxe5 15. Bxe5 Rxe5 16. cxd5 Bxf1 17. Kxf1 cxd5 18. Na3 c6 19. Nc2 a5 20. Rd1 Kf8 {½-½ (82) Nepomniachtchi,I (2732)-Ding,L (2783) Khanty-Mansiysk 2017}) 13. O-O dxe5 {LiveBook: 3 Partien} 14. Qd2 Nb4 $2 ({Günstiger ist} 14... Rab8 $14) 15. a3 $18 Nd5 {[#]} 16. Qa5 $1 ({Nicht} 16. cxd5 Bxf1 17. Bxf1 (17. Kxf1 cxd5 18. Nc3 c6 $11) 17... Rfd8 $14) {Vorgänger:} 16... Rab8 $146 17. Qxa6 Rxb3 18. cxd5 Rxb2 19. Qxc6 {½-½ (30) Deubler,B (1923)-Hattendorf,J (1994) Erfurt 2013} 1-0